000
00494nam a2200145Ia 4500
008
100204s9999 xx 000 0 und d
082
_b
11749
100
_a
पुरंदरे ब. मो.
245
_a
राजा शिवछत्रपती
260
_b
"पुरंदरं पंकाशन , पुणे"
_c
1988
300
_a
792
630
_a
राजा शिवछत्रपती
730
_a
राजा शिवछत्रपती
942
_c
BOOK
999
_c
456161
_d
456158